駅名から都道府県を当てろ! - Statistics

General Stats
  • This quiz has been taken 464 times
  • The average score is 7 of 15
Answer Stats
駅1 駅2 駅3 Answer % Correct
広島
99%
笑内 後三年 陸中大里 秋田
73%
出雲崎 今川 吉田 新潟
65%
かしの森公園前 駅東公園前 おもちゃのまち 栃木
63%
河辺の森 スクリーン 愛知川 滋賀
55%
採銅所 花畑 桜並木 福岡
45%
脇田 騎射場 吉松 鹿児島
45%
蒔田 福浦 富士フィルム前 神奈川
43%
十日市場 市川本町 仙娥滝 山梨
40%
常盤 大久保 小倉 京都
39%
方谷 柳川 弥生 岡山
27%
白石 市立体育館前 東海学園前 熊本
24%
自動車学校前 城西 豊岡 静岡
24%
播磨 加茂 星川 三重
23%
栄町 大町 大手モール 富山
22%
No matching quizzes found
Score Distribution
Percent of People with Each Score
Percentile by Number Answered
Your Score History
You have not taken this quiz